|
|
|
|
| LEADER |
00000nam0a2200000 4500 |
| 001 |
88695 |
| 005 |
20231031102725.0 |
| 010 |
|
|
|a 5955800255
|
| 035 |
|
|
|a (RuTPU)RU\TPU\book\95179
|
| 090 |
|
|
|a 88695
|
| 100 |
|
|
|a 20051228d2006 m y0rusy50 ca
|
| 101 |
0 |
|
|a rus
|
| 102 |
|
|
|a RU
|
| 105 |
|
|
|a y j 001zy
|
| 200 |
1 |
|
|a Психология и педагогика
|e учебное пособие
|f Э. В. Островский, Л. И. Чернышова
|g под ред. Э. В. Островского
|
| 210 |
|
|
|a Москва
|c Вузовский учебник
|d 2006
|
| 215 |
|
|
|a 380 с.
|
| 225 |
1 |
|
|a Вузовский учебник
|
| 320 |
|
|
|a Библиография в конце глав.
|
| 330 |
|
|
|a В соответствии с требованиями действующего государственного стандарта высшего профессионального образования по дисциплине «Психология и педагогика» в пособии рассматриваются основные понятия психолого-педагогической науки, процесс ее становления, а также актуальные проблемы современного этапа ее развития. Четкая структура, доступный язык, интересные примеры облегчают усвоение психолого-педагогических категорий, позволяют применить полученные знания на практике. Пособие адресовано студентам вузов, но также может быть использовано и преподавателями, а также всеми, кто интересуется вопросами человеческой психики, а также методами ее формирования.
|
| 451 |
|
1 |
|0 (RuTPU)RU\TPU\book\119843
|y 978-5-9558-0025-7
|t Психология и педагогика
|o учебное пособие
|f Э. В. Островский, Л. И. Чернышова
|g под ред. Э. В. Островского
|c М.
|n Вузовский учебник
|d 2007
|p 380 с.
|s Вузовский учебник
|a Островский, Эдуард Вениаминович
|
| 610 |
1 |
|
|a психология
|
| 610 |
1 |
|
|a педагогика
|
| 610 |
1 |
|
|a теория
|
| 610 |
1 |
|
|a история
|
| 610 |
1 |
|
|a психика
|
| 610 |
1 |
|
|a познавательные процессы
|
| 610 |
1 |
|
|a внимание
|
| 610 |
1 |
|
|a память
|
| 610 |
1 |
|
|a мышление
|
| 610 |
1 |
|
|a личность
|
| 610 |
1 |
|
|a психоанализ
|
| 610 |
1 |
|
|a характер
|
| 610 |
1 |
|
|a типология
|
| 610 |
1 |
|
|a общение
|
| 610 |
1 |
|
|a дидактика
|
| 610 |
1 |
|
|a обучение
|
| 610 |
1 |
|
|a воспитание
|
| 610 |
1 |
|
|a семейное воспитание
|
| 610 |
1 |
|
|a самосовершенствование
|
| 610 |
1 |
|
|a учебные пособия
|
| 686 |
|
|
|a Ю93я73
|v LBC/SL-A
|2 rubbk
|
| 686 |
|
|
|a Ч31я73
|v LBC/SL-A
|2 rubbk
|
| 700 |
|
1 |
|a Островский
|b Э. В.
|g Эдуард Вениаминович
|
| 701 |
|
1 |
|a Чернышова
|b Л. И.
|g Лидия Ивановна
|
| 702 |
|
1 |
|a Островский
|b Э. В.
|g Эдуард Вениаминович
|4 340
|
| 801 |
|
1 |
|a RU
|b 63413507
|c 20051228
|g PSBO
|
| 801 |
|
2 |
|a RU
|b 63413507
|c 20170410
|g PSBO
|
| 900 |
|
|
|a Психология и педагогика
|
| 900 |
|
|
|a Экономика
|
| 942 |
|
|
|c BK
|
| 952 |
|
|
|b 080100
|
| 955 |
|
|
|b 080100
|
| 959 |
|
|
|a 119/20051227
|d 1
|e 125
|f НФ:1
|
| 959 |
|
|
|a 3/20070122
|d 1
|e 124,90
|f АНЛ:1
|